Digital computer electronics: an introduction to microcomputers (Record no. 197139)

MARC details
000 -LEADER
fixed length control field 00453nam a2200157Ia 4500
008 - FIXED-LENGTH DATA ELEMENTS--GENERAL INFORMATION
fixed length control field 231217s9999 xx 000 0 und d
041 ## - LANGUAGE CODE
Language code of text/sound track or separate title English
082 ## - DEWEY DECIMAL CLASSIFICATION NUMBER
Classification number 621.381952 MAL;15
100 ## - MAIN ENTRY--PERSONAL NAME
Personal name Malvino, Albert Paul.
245 #0 - TITLE STATEMENT
Title Digital computer electronics: an introduction to microcomputers
250 ## - EDITION STATEMENT
Edition statement 2nd ed.
260 ## - PUBLICATION, DISTRIBUTION, ETC.
Date of publication, distribution, etc. 1983
Name of publisher, distributor, etc. TMH,
Place of publication, distribution, etc. New Delhi
300 ## - PHYSICAL DESCRIPTION
Extent ix, 337
650 ## - SUBJECT ADDED ENTRY--TOPICAL TERM
Topical term or geographic name entry element Digital,computer,electronics:,microcomputers
942 ## - ADDED ENTRY ELEMENTS (KOHA)
Koha item type Books
Holdings
Date last seen Total checkouts Full call number Accession number Price effective from Category Lost status Damaged status Department Withdrawn status Home library Current library Shelving location Entry date Grants Currency symbol Conversion rate Discount Old discount
26/01/2024   621.381952 MAL;15 90392 26/01/2024 Books     TC   Central Library Central Library TC 06/04/2016 TC RS 1    

© For any Suggestions or Query, please contact the library staff @ librarian@pes.edu or Phone: +9180 2672 1983/ 2108.